[Event "España ch-2015 sub-18"]
[Site "Salobrena ESP"]
[Date "2015.07.27"]
[Round "1.25"]
[White "Tabera Benitez, Sebastian"]
[Black "Portela Peleteiro, Alberto"]
[Result "0-1"]
[WhiteElo "1758"]
[BlackElo "2105"]
[PlyCount "99"]
[EventDate "2015.07.27"]
[EventType "swiss"]
[EventRounds "9"]
[EventCountry "ESP"]
[Source "lmi"]
[SourceDate "2015.07.27"]

1. e4 c5 2. Nc3 a6 3. a4 Nc6 4. g3 g6 5. Bg2 Bg7 6. d3 Nf6 7. Be3 d6 8. h3 O-O
9. Nge2 Rb8 10. d4 cxd4 11. Nxd4 Bd7 12. f4 Nxd4 13. Bxd4 b5 14. axb5 axb5 15.
O-O b4 16. Nd5 Nxd5 17. exd5 Bxd4+ 18. Qxd4 Qb6 19. Qxb6 Rxb6 20. Ra7 Rd8 21.
Rfa1 e5 22. R1a6 Rxa6 23. Rxa6 Bf5 24. c4 bxc3 25. bxc3 exf4 26. gxf4 Kf8 27.
Kf2 Rc8 28. Rc6 Rxc6 29. dxc6 Ke7 30. Ke3 Kd8 31. Kd4 Kc7 32. h4 Bc2 33. Bd5 f6
34. Bg8 h6 35. Bf7 Kxc6 36. Bd5+ Kb6 37. Bc4 g5 38. fxg5 fxg5 39. hxg5 hxg5 40.
Be6 Bd1 41. Kd5 Kc7 42. c4 Bf3+ 43. Kd4 Kc6 44. Ke3 Bd1 45. Kd4 g4 46. Bd5+ Kb6
47. Bg2 Bf3 48. Bf1 g3 49. Ke3 g2 50. Kd4 0-1

[Event "España ch-2015 sub-18"]
[Site "Salobrena ESP"]
[Date "2015.07.27"]
[Round "1.26"]
[White "Buiza Prieto, Eihartze"]
[Black "Donadio Falcon, Pablo"]
[Result "1-0"]
[WhiteElo "2095"]
[BlackElo "1737"]
[PlyCount "116"]
[EventDate "2015.07.27"]
[EventType "swiss"]
[EventRounds "9"]
[EventCountry "ESP"]
[Source "lmi"]
[SourceDate "2015.07.27"]

1. e4 c5 2. Nc3 d6 3. g3 Nf6 4. Bg2 Nbd7 5. d3 e6 6. Be3 Be7 7. h3 a6 8. a4 Rb8
9. Nf3 O-O 10. a5 b6 11. axb6 Qxb6 12. Ra2 Bb7 13. O-O Qc7 14. Re1 c4 15. dxc4
Nxe4 16. Nxe4 Bxe4 17. Nd2 Bxg2 18. Kxg2 Nc5 19. Qf3 a5 20. b3 Nb7 21. Bd4 Nd8
22. Bc3 Nc6 23. Qg4 e5 24. Rea1 Nb4 25. Bxb4 axb4 26. Qe4 Qb7 27. Ra7 Qxe4+ 28.
Nxe4 Rfe8 29. Rd7 Rb6 30. Rd1 Kf8 31. Nxd6 Bxd6 32. R1xd6 Rxd6 33. Rxd6 Rb8 34.
Rd5 f6 35. Rd7 Ra8 36. Rb7 Ra2 37. Rxb4 Rxc2 38. Kf3 Kf7 39. Rb6 h5 40. Ke3 g5
41. Rd6 Rc1 42. Rd3 Ke6 43. Kd2 Rf1 44. Ke2 Rh1 45. g4 hxg4 46. hxg4 Rb1 47. f3
Rb2+ 48. Kd1 f5 49. gxf5+ Kxf5 50. c5 Ra2 51. c6 Ra8 52. b4 Rb8 53. Rc3 Ke6 54.
c7 Rc8 55. b5 Kd6 56. b6 Kd7 57. Ke2 Kd6 58. b7 Kd5 1-0

[Event "España ch-2015 sub-18"]
[Site "Salobrena ESP"]
[Date "2015.07.27"]
[Round "1.27"]
[White "Garcia Martinez de la Hidalga, Alber"]
[Black "Aymerich Verdaguer, Eduard"]
[Result "0-1"]
[WhiteElo "1732"]
[BlackElo "2091"]
[PlyCount "60"]
[EventDate "2015.07.27"]
[EventType "swiss"]
[EventRounds "9"]
[EventCountry "ESP"]
[Source "lmi"]
[SourceDate "2015.07.27"]

1. d4 Nf6 2. c4 g6 3. Nc3 Bg7 4. e4 d6 5. Nf3 O-O 6. Be2 e5 7. O-O Nc6 8. d5
Ne7 9. b4 a5 10. Ba3 axb4 11. Bxb4 b6 12. a4 Ne8 13. Nb5 f5 14. exf5 gxf5 15.
a5 bxa5 16. Bxa5 Ng6 17. Ra3 Qe7 18. Qd2 Nf4 19. Rfa1 Bb7 20. Bf1 c6 21. Nc3
Nf6 22. Rd1 cxd5 23. cxd5 Ne4 24. Nxe4 fxe4 25. Ne1 Rac8 26. Bb4 Nxd5 27. Ra7
Nxb4 28. Qxb4 Qf6 29. Bc4+ d5 30. Qxb7 Qxf2+ 0-1

[Event "España ch-2015 sub-18"]
[Site "Salobrena ESP"]
[Date "2015.07.27"]
[Round "1.28"]
[White "Porta Tovar, Oriol"]
[Black "Cruz Fernandez, Sergio"]
[Result "1-0"]
[WhiteElo "2084"]
[BlackElo "1732"]
[PlyCount "58"]
[EventDate "2015.07.27"]
[EventType "swiss"]
[EventRounds "9"]
[EventCountry "ESP"]
[Source "lmi"]
[SourceDate "2015.07.27"]

1. e4 e6 2. d4 d5 3. e5 c5 4. c3 Qb6 5. Nf3 Bd7 6. Be2 Bb5 7. O-O Bxe2 8. Qxe2
cxd4 9. cxd4 Nc6 10. Nc3 Nge7 11. Be3 Nf5 12. Rfd1 Be7 13. Rab1 Nxe3 14. Qxe3
O-O 15. Ne2 h6 16. Nf4 Na5 17. b3 Rae8 18. Nh5 Kh7 19. Kh1 f6 20. g4 Qd8 21.
Rg1 g6 22. Nf4 Qd7 23. Qd3 f5 24. g5 h5 25. Nh4 Rg8 26. Qh3 Qd8 27. Nhxg6 Bxg5
28. Qxh5+ Bh6 29. Rg3 Rgf8 1-0

[Event "España ch-2015 sub-18"]
[Site "Salobrena ESP"]
[Date "2015.07.27"]
[Round "1.29"]
[White "Gallego Sosa, Clara"]
[Black "Ventura Bolet, Maxim"]
[Result "0-1"]
[WhiteElo "1723"]
[BlackElo "2080"]
[PlyCount "66"]
[EventDate "2015.07.27"]
[EventType "swiss"]
[EventRounds "9"]
[EventCountry "ESP"]
[Source "lmi"]
[SourceDate "2015.07.27"]

1. e4 c5 2. Nf3 e6 3. d4 cxd4 4. Nxd4 a6 5. Nc3 Qc7 6. Be2 Nf6 7. O-O Nc6 8.
Be3 Bb4 9. Nxc6 bxc6 10. Na4 Rb8 11. Bd3 d5 12. Qf3 Bd6 13. h3 dxe4 14. Qe2
exd3 15. cxd3 O-O 16. Rac1 Nd5 17. Bd2 Bf4 18. Bxf4 Nxf4 19. Qe4 Nd5 20. Rc4
Bd7 21. b3 Qd6 22. Nc5 a5 23. Rfc1 Rb4 24. Qf3 Rxc4 25. Rxc4 Rb8 26. Ne4 Qe5
27. Nc5 Be8 28. Rh4 Rb4 29. Rxb4 axb4 30. Qg4 Qe1+ 31. Kh2 Qxf2 32. Qd1 Qxc5
33. Kh1 Qf2 0-1

[Event "España ch-2015 sub-18"]
[Site "Salobrena ESP"]
[Date "2015.07.27"]
[Round "1.30"]
[White "Montoya Pecurul, Marc"]
[Black "Martinez Hernandez, Paula"]
[Result "1/2-1/2"]
[WhiteElo "2074"]
[BlackElo "1714"]
[PlyCount "90"]
[EventDate "2015.07.27"]
[EventType "swiss"]
[EventRounds "9"]
[EventCountry "ESP"]
[Source "lmi"]
[SourceDate "2015.07.27"]

1. e4 c6 2. d4 d5 3. exd5 cxd5 4. Bd3 Nc6 5. c3 Qc7 6. Ne2 e6 7. Bf4 Bd6 8.
Bxd6 Qxd6 9. O-O Nf6 10. f4 Ne4 11. Bxe4 dxe4 12. Nd2 f5 13. Nc4 Qc7 14. Ne5
O-O 15. Qe1 b6 16. Qh4 Ba6 17. Rfe1 Bxe2 18. Rxe2 Nxe5 19. fxe5 b5 20. Re3 Qd8
21. Qh5 Qe8 22. Qe2 Rb8 23. Rd1 Qc6 24. Rh3 Rb7 25. Qc2 a5 26. Re3 Rc8 27. a3
Qd5 28. g3 g6 29. Qd2 Kg7 30. h4 h6 31. Qg2 Rf7 32. Rf1 h5 33. Kh2 b4 34. axb4
axb4 35. Ra1 bxc3 36. bxc3 Rfc7 37. Qb2 Rb7 38. Qd2 Rcb8 39. Re2 Qc4 40. Ra2
Rc8 41. Qg5 Rf7 42. Rec2 Qd3 43. Qc1 e3 44. Qe1 f4 45. gxf4 Rxf4 1/2-1/2

[Event "España ch-2015 sub-18"]
[Site "Salobrena ESP"]
[Date "2015.07.27"]
[Round "1.31"]
[White "De la Calle Fuentes, Sergio"]
[Black "Lacruz Algarate, Alvaro"]
[Result "0-1"]
[WhiteElo "1712"]
[BlackElo "2072"]
[PlyCount "68"]
[EventDate "2015.07.27"]
[EventType "swiss"]
[EventRounds "9"]
[EventCountry "ESP"]
[Source "lmi"]
[SourceDate "2015.07.27"]

1. e4 e6 2. d4 d5 3. Nc3 Nf6 4. Bg5 Bb4 5. e5 h6 6. Bd2 Bxc3 7. bxc3 Ne4 8. Qg4
g6 9. Qf4 Nxd2 10. Qxd2 c5 11. Nf3 Qe7 12. Bd3 c4 13. Be2 Qa3 14. h4 Nd7 15.
Nh2 h5 16. g4 Nb6 17. Qe3 Na4 18. Kd2 b5 19. Rab1 Rb8 20. gxh5 gxh5 21. Rhg1 a5
22. Rg7 b4 23. cxb4 Qxa2 24. Rbg1 c3+ 25. Ke1 Qb1+ 26. Bd1 axb4 27. Qf3 Rf8 28.
Qf6 Nb2 29. Ke2 Nxd1 30. Rxf7 Qxc2+ 31. Ke1 Qd2+ 32. Kf1 Ba6+ 33. Kg2 Qxf2+ 34.
Kh3 Qxf6 0-1

[Event "España ch-2015 sub-18"]
[Site "Salobrena ESP"]
[Date "2015.07.27"]
[Round "1.32"]
[White "Fernandez Alvarez, Luis"]
[Black "Rodriguez Garcia, Miguel"]
[Result "0-1"]
[WhiteElo "2059"]
[BlackElo "1695"]
[PlyCount "29"]
[EventDate "2015.07.27"]
[EventType "swiss"]
[EventRounds "9"]
[EventCountry "ESP"]
[Source "lmi"]
[SourceDate "2015.07.27"]

1. e4 c6 2. Nc3 d5 3. Nf3 Bg4 4. h3 Bh5 5. exd5 cxd5 6. g4 Bg6 7. Bb5+ Nc6 8.
Ne5 Qd6 9. d4 a6 10. Bf4 axb5 11. Qd2 Nxe5 12. dxe5 Qc6 13. Nxd5 e6 14. Nf6+
gxf6 15. Qd1 0-1

[Event "España ch-2015 sub-18"]
[Site "Salobrena ESP"]
[Date "2015.07.27"]
[Round "1.33"]
[White "Arrese-Igor Royuela, Alex"]
[Black "Garcia Martinez, Marcos"]
[Result "0-1"]
[WhiteElo "1693"]
[BlackElo "2044"]
[PlyCount "87"]
[EventDate "2015.07.27"]
[EventType "swiss"]
[EventRounds "9"]
[EventCountry "ESP"]
[Source "lmi"]
[SourceDate "2015.07.27"]

1. d4 e6 2. Nf3 Nf6 3. e3 b6 4. Be2 Bb7 5. Nbd2 c5 6. c3 Be7 7. O-O O-O 8. Ne5
d6 9. Bf3 d5 10. g3 Nc6 11. Nxc6 Bxc6 12. Bg2 Qc7 13. Qc2 Rac8 14. dxc5 bxc5
15. b3 c4 16. Bb2 Rfd8 17. Rfc1 Ng4 18. Nf3 Bf6 19. b4 a5 20. a4 Ne5 21. Nxe5
Qxe5 22. b5 Ba8 23. Rab1 Qd6 24. Rd1 Qc5 25. Qc1 Be7 26. Ra1 Qb6 27. Ba3 Bf6
28. Qc2 e5 29. Bb2 d4 30. exd4 exd4 31. cxd4 Bxg2 32. Kxg2 c3 33. Ba3 Bxd4 34.
Rd3 Bxf2 35. Rad1 Rxd3 36. Rxd3 Bd4 37. Rf3 Bf6 38. Qf5 Qe6 39. Qc2 Rd8 40. Bc1
h6 41. Be3 Qd5 42. b6 Re8 43. Bc1 Bd4 44. Qd3 0-1

[Event "España ch-2015 sub-18"]
[Site "Salobrena ESP"]
[Date "2015.07.27"]
[Round "1.34"]
[White "Bernal Gomez, Alejandro"]
[Black "Gonzalez Benavides, Pilar"]
[Result "1/2-1/2"]
[WhiteElo "2044"]
[BlackElo "1673"]
[PlyCount "112"]
[EventDate "2015.07.27"]
[EventType "swiss"]
[EventRounds "9"]
[EventCountry "ESP"]
[Source "lmi"]
[SourceDate "2015.07.27"]

1. Nf3 d5 2. c4 Nf6 3. g3 Bf5 4. Qb3 b6 5. Bg2 e6 6. Nc3 c6 7. d4 Bd6 8. Nh4
Be4 9. Nxe4 Nxe4 10. Bxe4 dxe4 11. Qe3 Bb4+ 12. Bd2 Bxd2+ 13. Qxd2 Nd7 14. O-O
O-O 15. Rad1 Nf6 16. Qc3 Qe7 17. Ng2 Rfd8 18. Ne3 Rac8 19. Rd2 Qb7 20. Rfd1 a5
21. b4 a4 22. Rc1 Rd7 23. Nd1 Rcd8 24. Rcc2 h6 25. Qe3 b5 26. a3 Qa7 27. c5 Rd5
28. Nc3 Rf5 29. Nxe4 Ng4 30. Qc3 Rh5 31. h4 Qe7 32. Qf3 f5 33. Nd6 g5 34. Nxf5
exf5 35. Qxf5 Qf7 36. Qxg4 Rf8 37. e4 Kh8 38. hxg5 Rxg5 39. Qh4 Rh5 40. Qf4 Qg7
41. Qd6 Rf3 42. Qb8+ Kh7 43. Kg2 Rxa3 44. f3 Ra1 45. Qf4 Rhh1 46. Qf5+ Kh8 47.
Qc8+ Kh7 48. Qf5+ Kh8 49. Qg4 Rhg1+ 50. Kf2 Raf1+ 51. Ke2 Re1+ 52. Kf2 Ref1+
53. Ke3 Qxg4 54. fxg4 Rxg3+ 55. Ke2 Rf4 56. e5 Kg7 1/2-1/2

[Event "España ch-2015 sub-18"]
[Site "Salobrena ESP"]
[Date "2015.07.27"]
[Round "1.35"]
[White "Leonor Velasco, David"]
[Black "Porlan Minarro, Antonio"]
[Result "0-1"]
[WhiteElo "1659"]
[BlackElo "2040"]
[PlyCount "93"]
[EventDate "2015.07.27"]
[EventType "swiss"]
[EventRounds "9"]
[EventCountry "ESP"]
[Source "lmi"]
[SourceDate "2015.07.27"]

1. d4 Nf6 2. Nf3 g6 3. Bg5 Ne4 4. Bf4 Bg7 5. Nbd2 d5 6. e3 c5 7. c3 O-O 8. Nxe4
dxe4 9. Nd2 f5 10. h4 h6 11. Nb3 cxd4 12. exd4 Be6 13. Nc5 Bf7 14. g4 b6 15.
Nb3 Nd7 16. gxf5 gxf5 17. Qd2 Kh7 18. Bh3 Bh5 19. Rg1 Rf7 20. Qe3 e5 21. dxe5
Nxe5 22. Rxg7+ Rxg7 23. Bxf5+ Kg8 24. Be6+ Nf7 25. Bg3 Qf6 26. Nd4 Re8 27.
Bxf7+ Rxf7 28. Kd2 a6 29. Rg1 Kh7 30. Re1 Rd7 31. Kc1 b5 32. Qf4 Qxf4+ 33. Bxf4
b4 34. Kc2 Rc8 35. Ne2 a5 36. Ng3 Bf7 37. Nxe4 Bg6 38. Kb3 Rc6 39. Bg3 Rd3 40.
Rc1 Bxe4 41. Re1 Re6 42. Kc4 Rxg3 43. fxg3 Bd5+ 44. Kxd5 Rxe1 45. cxb4 axb4 46.
Kc4 Re2 47. Kd4 0-1

[Event "España ch-2015 sub-18"]
[Site "Salobrena ESP"]
[Date "2015.07.27"]
[Round "1.36"]
[White "Garcia-Castany Musellas, Gal.la"]
[Black "Alonso Vara, Laura"]
[Result "1-0"]
[WhiteElo "2034"]
[BlackElo "1655"]
[PlyCount "63"]
[EventDate "2015.07.27"]
[EventType "swiss"]
[EventRounds "9"]
[EventCountry "ESP"]
[Source "lmi"]
[SourceDate "2015.07.27"]

1. e4 c5 2. Nf3 Nc6 3. d4 cxd4 4. Nxd4 Nf6 5. Nc3 e6 6. Nxc6 bxc6 7. e5 Nd5 8.
Ne4 Qc7 9. f4 Be7 10. c4 Nb6 11. Nd6+ Bxd6 12. exd6 Qb8 13. b3 Bb7 14. Bb2 O-O
15. Bd3 f5 16. Be5 Qe8 17. g4 Qf7 18. Rg1 Rae8 19. Kd2 c5 20. gxf5 exf5 21.
Rxg7+ Qxg7 22. Bxg7 Kxg7 23. Qg1+ Kh8 24. Qxc5 Re6 25. Bxf5 Ref6 26. Qe5 Kg8
27. Rg1+ Kh8 28. Bxh7 Kxh7 29. Qh5+ Rh6 30. Qg5 Rxh2+ 31. Kc3 Rg2 32. Rh1+ 1-0

[Event "España ch-2015 sub-18"]
[Site "Salobrena ESP"]
[Date "2015.07.27"]
[Round "1.37"]
[White "Garreta Nieto, Maria"]
[Black "Perez Pacheco, Ricardo"]
[Result "1-0"]
[WhiteElo "1627"]
[BlackElo "2033"]
[PlyCount "137"]
[EventDate "2015.07.27"]
[EventType "swiss"]
[EventRounds "9"]
[EventCountry "ESP"]
[Source "lmi"]
[SourceDate "2015.07.27"]

1. e4 c5 2. Nf3 Nc6 3. c3 d5 4. exd5 Qxd5 5. d4 e6 6. Be3 cxd4 7. cxd4 Nf6 8.
Nc3 Qd6 9. a3 Be7 10. Bd3 O-O 11. O-O b6 12. Qe2 Bb7 13. Rad1 Rac8 14. Rfe1
Rfd8 15. h3 Nd5 16. Rc1 Nf4 17. Bxf4 Qxf4 18. Qe3 Bd6 19. Ne2 Qf6 20. Rc2 Ne7
21. Rxc8 Rxc8 22. Be4 Nd5 23. Qd3 Qh6 24. Bxd5 Bxd5 25. Nc3 Bb7 26. Qb5 Rd8 27.
d5 Qg6 28. Ne5 Qf5 29. Nc6 Rf8 30. Nxa7 Bc5 31. Qe2 exd5 32. b4 Bd6 33. Nab5
Bb8 34. Qe7 Bc6 35. Nd4 Qc8 36. b5 Bb7 37. Na4 Qc4 38. Nxb6 Qxd4 39. Nd7 h6 40.
Qxf8+ Kh7 41. Qxb8 Qd2 42. Qe5 Kg8 43. Nc5 Bc8 44. a4 Qb4 45. Rc1 Qd2 46. Qc3
Qg5 47. Kh2 d4 48. Qc2 Bf5 49. Qd1 Qf4+ 50. Kg1 Qg5 51. Kf1 d3 52. Rc3 Qf4 53.
Kg1 Qd4 54. Rxd3 Qxc5 55. Rd5 Qc4 56. Rxf5 Qe4 57. Rd5 Qe7 58. b6 Qb4 59. a5
Qb2 60. Rd8+ Kh7 61. Qd3+ g6 62. Qd4 Qc1+ 63. Kh2 Qf4+ 64. Qxf4 h5 65. Qxf7+
Kh6 66. Rh8+ Kg5 67. h4+ Kg4 68. Qf3+ Kxh4 69. Qd1 1-0

[Event "España ch-2015 sub-18"]
[Site "Salobrena ESP"]
[Date "2015.07.27"]
[Round "1.38"]
[White "Prado Acebo, Ines"]
[Black "Barranco Mananet, Fernando"]
[Result "1-0"]
[WhiteElo "2029"]
[BlackElo "1598"]
[PlyCount "103"]
[EventDate "2015.07.27"]
[EventType "swiss"]
[EventRounds "9"]
[EventCountry "ESP"]
[Source "lmi"]
[SourceDate "2015.07.27"]

1. d4 d5 2. c4 c6 3. Nf3 Nf6 4. Qc2 g6 5. Bf4 Bg7 6. e3 O-O 7. Bd3 e6 8. Nbd2
Nbd7 9. O-O b6 10. cxd5 c5 11. dxe6 fxe6 12. Ng5 Re8 13. Bc4 Nf8 14. dxc5 bxc5
15. Nde4 Nxe4 16. Nxe4 Qb6 17. Nd6 Rd8 18. Nxc8 Raxc8 19. Rab1 Qb4 20. Qe4 Qb6
21. b3 Rd2 22. a4 Rcd8 23. Bg5 R8d7 24. Bb5 R7d5 25. Bf4 Kh8 26. Qf3 Ra2 27. e4
Rd8 28. Bg5 Rb8 29. Rbd1 Bd4 30. Bf6+ Bxf6 31. Qxf6+ Kg8 32. Rd3 Rb7 33. Bc4
Rf7 34. Qc3 Nd7 35. e5 Kg7 36. Rd6 Qb4 37. Qxb4 cxb4 38. Bxe6 Nxe5 39. Bxf7
Nxf7 40. Rd4 a5 41. Rb1 Ng5 42. h4 Ne6 43. Rd5 Nf4 44. Rxa5 Ne2+ 45. Kh2 Nc3
46. Re1 Rxf2 47. Re7+ Kf6 48. Rb7 Na2 49. Rb6+ Kg7 50. Ra7+ Kh6 51. Rbb7 Kh5
52. Kg3 1-0

[Event "España ch-2015 sub-18"]
[Site "Salobrena ESP"]
[Date "2015.07.27"]
[Round "1.39"]
[White "Laseca Arana, Irati"]
[Black "Rivas Diaz, Pablo"]
[Result "0-1"]
[WhiteElo "1597"]
[BlackElo "2029"]
[PlyCount "86"]
[EventDate "2015.07.27"]
[EventType "swiss"]
[EventRounds "9"]
[EventCountry "ESP"]
[Source "lmi"]
[SourceDate "2015.07.27"]

1. e4 c5 2. Nf3 d6 3. d4 cxd4 4. Nxd4 Nf6 5. Nc3 g6 6. Be3 Bg7 7. f3 O-O 8. Qd2
Nc6 9. O-O-O d5 10. exd5 Nxd5 11. Nxc6 bxc6 12. Bh6 Nxc3 13. Bxg7 Nxa2+ 14. Kb1
Qxd2 15. Rxd2 Kxg7 16. Kxa2 Be6+ 17. Kb1 Rfd8 18. Bd3 Rd4 19. Re2 c5 20. Rhe1
Rad8 21. Re4 Kf6 22. Kc1 h5 23. Kd2 Rxe4 24. fxe4 c4 25. Ra1 Rd7 26. Ke3 cxd3
27. cxd3 Rb7 28. Rf1+ Kg7 29. Rf2 g5 30. Kd4 Rb5 31. g3 Kg6 32. h4 f6 33. Ke3
Rb3 34. Kd4 Bf7 35. Ke3 Bc4 36. Rd2 e5 37. Rd1 Bb5 38. Rd2 f5 39. exf5+ Kxf5
40. Rf2+ Kg4 41. hxg5 Bxd3 42. Rd2 Bf5+ 43. Kf2 Rxg3 0-1

[Event "España ch-2015 sub-18"]
[Site "Salobrena ESP"]
[Date "2015.07.27"]
[Round "1.40"]
[White "Mazo Fernandez, Roberto"]
[Black "Martin Fito, Angel Luis"]
[Result "1/2-1/2"]
[WhiteElo "2025"]
[BlackElo "1586"]
[PlyCount "93"]
[EventDate "2015.07.27"]
[EventType "swiss"]
[EventRounds "9"]
[EventCountry "ESP"]
[Source "lmi"]
[SourceDate "2015.07.27"]

1. d4 e6 2. c4 b6 3. e4 Bb7 4. Bd3 f5 5. Qh5+ g6 6. Qe2 Nf6 7. Bg5 h6 8. Bxf6
Qxf6 9. Nf3 Nc6 10. e5 Qf7 11. Nc3 g5 12. d5 Nb4 13. a3 Nxd3+ 14. Qxd3 d6 15.
O-O-O O-O-O 16. Nd4 exd5 17. e6 dxc4 18. Qxc4 d5 19. Qd3 Qf6 20. Rhe1 Re8 21.
Nxf5 Rxe6 22. Nxd5 Bxd5 23. Qxd5 Rc6+ 24. Kb1 Qg6 25. Ka1 Kb8 26. Qd8+ Kb7 27.
Qd5 Kb8 28. Qd8+ Kb7 29. Ne7 Bxe7 30. Qxe7 Qc2 31. Qe3 Rf8 32. Rc1 Qxf2 33. Qe4
Rff6 34. Rf1 Rfe6 35. Qd5 Qe3 36. Rxc6 Rxc6 37. Rf6 Qc1+ 38. Ka2 h5 39. Rxc6
Qxc6 40. Qxg5 Qc4+ 41. Kb1 Qf1+ 42. Kc2 Qe2+ 43. Kc3 a5 44. Qd5+ Kc8 45. Qf5+
Kb8 46. Qf8+ Ka7 47. Qf3 1/2-1/2

[Event "España ch-2015 sub-18"]
[Site "Salobrena ESP"]
[Date "2015.07.27"]
[Round "2.1"]
[White "Garriga Cazorla, Pere"]
[Black "Porta Tovar, Oriol"]
[Result "1/2-1/2"]
[WhiteElo "2461"]
[BlackElo "2084"]
[PlyCount "147"]
[EventDate "2015.07.27"]
[EventType "swiss"]
[EventRounds "9"]
[EventCountry "ESP"]
[Source "lmi"]
[SourceDate "2015.07.27"]

1. d4 Nf6 2. c4 e6 3. Nc3 Bb4 4. Qc2 O-O 5. e4 d5 6. e5 Ne4 7. Bd3 c5 8. Nf3
cxd4 9. Nxd4 Nd7 10. Bxe4 dxe4 11. Qxe4 Bxc3+ 12. bxc3 Qa5 13. O-O Qxe5 14. Qf3
Qf6 15. Qg3 a6 16. Ba3 Re8 17. f4 Qg6 18. Qf3 Nf6 19. Rae1 Qg4 20. Qd3 b6 21.
Re3 Bb7 22. Rg3 Qh5 23. Re1 Rad8 24. Re5 Qh6 25. Bc1 g6 26. Qb1 Nd7 27. Re1 Qf8
28. Nb3 Qd6 29. Be3 Nf6 30. Bd4 Nh5 31. Be5 Qc6 32. Rf3 f6 33. Bd4 Nxf4 34.
Ref1 e5 35. Be3 Qxc4 36. Na5 bxa5 37. Qxb7 Rb8 38. Qd7 Rbd8 39. Qb7 Nd5 40. Qb2
Nxe3 41. Rxe3 f5 42. Qf2 Kg7 43. Rg3 f4 44. Rh3 Rd7 45. Qh4 h5 46. Qg5 Qc5+ 47.
Kh1 Qe7 48. Rxh5 Qxg5 49. Rxg5 Kf6 50. Rg4 Rd2 51. g3 Kf5 52. Rh4 g5 53. Rh7
Rxa2 54. Rg7 Ra4 55. h3 Re6 56. Rd1 Rh6 57. h4 gxh4 58. g4+ Ke4 59. Re7 Rg6 60.
Re1+ Kf3 61. R7xe5 Ra2 62. g5 h3 63. Rf1+ Kg4 64. Re4 Kxg5 65. Rexf4 a4 66.
Rf5+ Kh6 67. R5f3 h2 68. Rh3+ Kg7 69. Rxh2 Rxh2+ 70. Kxh2 Rc6 71. Ra1 Rxc3 72.
Rxa4 Rc6 73. Kg2 a5 74. Ra1 1/2-1/2

[Event "España ch-2015 sub-18"]
[Site "Salobrena ESP"]
[Date "2015.07.27"]
[Round "2.2"]
[White "Ventura Bolet, Maxim"]
[Black "Suarez Gomez, Julio"]
[Result "0-1"]
[WhiteElo "2080"]
[BlackElo "2400"]
[PlyCount "110"]
[EventDate "2015.07.27"]
[EventType "swiss"]
[EventRounds "9"]
[EventCountry "ESP"]
[Source "lmi"]
[SourceDate "2015.07.27"]

1. Nf3 d5 2. d4 c6 3. e3 e6 4. c4 Bd6 5. b3 Nd7 6. Bb2 f5 7. Be2 Ngf6 8. O-O
Qe7 9. Ne5 O-O 10. f4 Ne4 11. Nd2 Ndf6 12. Ndf3 Bd7 13. c5 Bc7 14. b4 a5 15. a3
Be8 16. Qc2 h6 17. Bc3 g5 18. g3 Qg7 19. Kh1 Kh8 20. Bd3 Rg8 21. bxa5 Nxc3 22.
Qxc3 Bxa5 23. Qb2 Bh5 24. Rab1 Ra7 25. Qf2 Rga8 26. Rb3 Bxf3+ 27. Qxf3 Bc7 28.
Rfb1 Ne4 29. Bxe4 dxe4 30. Qe2 Bxe5 31. fxe5 Rf8 32. Rf1 Qd7 33. Qh5 Kg7 34.
Rfb1 Rf7 35. Qe2 Kg6 36. h3 h5 37. h4 Qe7 38. Qf2 Rg7 39. hxg5 Qxg5 40. Qf4 Qe7
41. Qh4 Kh6 42. Qxe7 Rxe7 43. Kh2 Kg5 44. Kh3 Rh7 45. R1b2 h4 46. Rb1 hxg3+ 47.
Kxg3 f4+ 48. exf4+ Kf5 49. Kg2 Ra4 50. Rxb7 Rxb7 51. Rxb7 Kxf4 52. d5 cxd5 53.
c6 Rxa3 54. c7 Ra2+ 55. Kf1 Rc2 0-1

[Event "España ch-2015 sub-18"]
[Site "Salobrena ESP"]
[Date "2015.07.27"]
[Round "2.3"]
[White "Abal Cores, Lucas"]
[Black "Garcia-Castany Musellas, Gal.la"]
[Result "0-1"]
[WhiteElo "2373"]
[BlackElo "2034"]
[PlyCount "64"]
[EventDate "2015.07.27"]
[EventType "swiss"]
[EventRounds "9"]
[EventCountry "ESP"]
[Source "lmi"]
[SourceDate "2015.07.27"]

1. e4 c6 2. d4 d5 3. exd5 cxd5 4. c4 Nf6 5. Nc3 Nc6 6. Bg5 Ne4 7. Nxe4 dxe4 8.
d5 Ne5 9. Qd4 f6 10. Bf4 Bf5 11. Bxe5 fxe5 12. Qxe5 e6 13. Ne2 Bb4+ 14. Nc3 O-O
15. Be2 Rc8 16. O-O Bd6 17. Qd4 Qc7 18. h3 Bc5 19. Qd2 e3 20. fxe3 Bxh3 21. d6
Qb6 22. Nd5 Qxd6 23. b4 Qg3 24. Bf3 Bd6 25. Nf4 Rxf4 26. Qxd6 Rxf3 27. Qxg3
Rxg3 28. Kh2 Rxe3 29. gxh3 Rxc4 30. Rf2 Rxb4 31. Rc1 h6 32. Rg2 Rh4 0-1

[Event "España ch-2015 sub-18"]
[Site "Salobrena ESP"]
[Date "2015.07.27"]
[Round "2.4"]
[White "Lacruz Algarate, Alvaro"]
[Black "Santos Ruiz, Miguel"]
[Result "0-1"]
[WhiteElo "2072"]
[BlackElo "2329"]
[PlyCount "92"]
[EventDate "2015.07.27"]
[EventType "swiss"]
[EventRounds "9"]
[EventCountry "ESP"]
[Source "lmi"]
[SourceDate "2015.07.27"]

1. e4 e6 2. d4 d5 3. e5 c5 4. c3 Qb6 5. Nf3 Nc6 6. a3 f6 7. Bd3 fxe5 8. dxe5 c4
9. Bc2 Nh6 10. O-O Nf7 11. Re1 g6 12. b3 cxb3 13. Bxb3 Bg7 14. Bf4 O-O 15. Nbd2
g5 16. Be3 Qd8 17. Bc5 Re8 18. c4 g4 19. Nd4 Ncxe5 20. cxd5 exd5 21. Nf1 Nc4
22. Rc1 Rxe1 23. Qxe1 Nfe5 24. Ne3 Nd3 25. Qd1 Nxc1 26. Qxc1 Qc7 27. Bxc4 dxc4
28. Qxc4+ Kh8 29. Qd5 Bd7 30. Bd6 Qc1+ 31. Nf1 Re8 32. Be5 Bxe5 33. Qxd7 Qc8
34. Qa4 a6 35. Nc2 b5 36. Qb3 Qc4 37. Qb1 Rf8 38. Qe1 Qf4 39. Nce3 Bd4 40. Qd2
h5 41. Qa2 a5 42. g3 Qf3 43. Qd2 Bg7 44. Ng2 b4 45. Nh4 Qf7 46. axb4 axb4 0-1

[Event "España ch-2015 sub-18"]
[Site "Salobrena ESP"]
[Date "2015.07.27"]
[Round "2.5"]
[White "Navarrete Espi, Samuel"]
[Black "Prado Acebo, Ines"]
[Result "1-0"]
[WhiteElo "2329"]
[BlackElo "2029"]
[PlyCount "47"]
[EventDate "2015.07.27"]
[EventType "swiss"]
[EventRounds "9"]
[EventCountry "ESP"]
[Source "lmi"]
[SourceDate "2015.07.27"]

1. e4 c5 2. Nf3 e6 3. d4 cxd4 4. Nxd4 a6 5. Nc3 Qc7 6. Bd3 Nf6 7. Qe2 d6 8. f4
Nbd7 9. Bd2 Be7 10. g4 Nc5 11. g5 Nfd7 12. O-O b5 13. b4 Nxd3 14. cxd3 Bb7 15.
Rac1 Qd8 16. f5 e5 17. Ne6 fxe6 18. Qh5+ g6 19. fxg6 Qb6+ 20. Kh1 Kd8 21. g7
Re8 22. Qxe8+ Kxe8 23. g8=Q+ Nf8 24. g6 1-0

[Event "España ch-2015 sub-18"]
[Site "Salobrena ESP"]
[Date "2015.07.27"]
[Round "2.6"]
[White "Garcia Martinez, Marcos"]
[Black "Marchena Hurtado, Javier"]
[Result "0-1"]
[WhiteElo "2044"]
[BlackElo "2294"]
[PlyCount "82"]
[EventDate "2015.07.27"]
[EventType "swiss"]
[EventRounds "9"]
[EventCountry "ESP"]
[Source "lmi"]
[SourceDate "2015.07.27"]

1. d4 Nf6 2. g3 c5 3. Nf3 cxd4 4. Bg2 d5 5. O-O h6 6. c4 dxc3 7. Nxc3 Nc6 8.
Bf4 e6 9. Nb5 g5 10. Be5 Nxe5 11. Nxe5 a6 12. Qa4 Bd7 13. Nxd7 Nxd7 14. Nc3 b5
15. Qd4 Qf6 16. Qxf6 Nxf6 17. e4 b4 18. Na4 Nxe4 19. Rfe1 Nf6 20. Nb6 Rd8 21.
Rac1 Bg7 22. Rc6 O-O 23. Rec1 Ne4 24. R1c2 a5 25. Na4 Bd4 26. Bxe4 dxe4 27. Re2
Rc8 28. Rxc8 Rxc8 29. Rxe4 e5 30. Re2 g4 31. b3 Rc1+ 32. Kg2 Rb1 33. Rc2 f5 34.
Nc5 Kf7 35. h4 f4 36. gxf4 exf4 37. Nd3 f3+ 38. Kg3 Rd1 39. Nf4 Be5 40. Kxg4
Rd4 41. Rc4 Ke8 0-1